<?xml version="1.0" encoding="UTF-8"?>
<marc:record xmlns:marc="http://www.loc.gov/MARC21/slim">
   <marc:leader>00000nam a2200000 a 4500</marc:leader>
   <marc:datafield ind1=" " ind2=" " tag="653">
      <marc:subfield code="a">Mitteleuropa</marc:subfield>
   </marc:datafield>
   <marc:datafield ind1=" " ind2=" " tag="653">
      <marc:subfield code="a">Samenpflanzen</marc:subfield>
   </marc:datafield>
   <marc:datafield ind1=" " ind2=" " tag="653">
      <marc:subfield code="a">Bestimmungsbuch</marc:subfield>
   </marc:datafield>
   <marc:datafield ind1="0" ind2="0" tag="245">
      <marc:subfield code="a">Was blüht denn da?</marc:subfield>
   </marc:datafield>
   <marc:datafield ind1="0" ind2="0" tag="245">
      <marc:subfield code="b">[das Original ; sicher nach Farbe bestimmen ; Extra: Bäume, Sträucher, Gräser]</marc:subfield>
   </marc:datafield>
   <marc:datafield ind1=" " ind2="1" tag="264">
      <marc:subfield code="b">Kosmos</marc:subfield>
      <marc:subfield code="c">2008</marc:subfield>
   </marc:datafield>
   <marc:datafield ind1="1" ind2=" " tag="490">
      <marc:subfield code="a">Kosmos-Naturführer</marc:subfield>
   </marc:datafield>
   <marc:datafield ind1="1" ind2=" " tag="520">
      <marc:subfield code="a">Blühende Pflanzen fallen vor allem durch ihre Farbe auf. "Was blüht denn da?" ist daher nach Blütenfarben eingeteilt. Weitere Bestimmungsmerkmale sind Blütenform, Standort, Blütenzeit und Größe. Die Pflanzen lassen sich so schnell und sicher bestimmen. Über 860 Blumen, Gräser, Bäume und Sträucher werden anhand von naturgetreuen, brillanten Farbzeichnungen dargestellt. Mehrfachabbildung der Pflanzen mit variierender Blütenfarbe. Der Punkt "Verwechslungsart" listet die ähnlichste Art und das entscheidende Unterscheidungsmerkmale auf. Jetzt neu mit vielen zusätzlichen Detailabbildungen und zwei Extrakapitel Bäumen/Sträucher und Gräser. Mit diesem Bestseller ist das Bestimmen ein Vergnügen. (Verlagsinformation)</marc:subfield>
   </marc:datafield>
   <marc:datafield ind1=" " ind2=" " tag="020">
      <marc:subfield code="a">9783440113790</marc:subfield>
      <marc:subfield code="9">9783440113790</marc:subfield>
   </marc:datafield>
</marc:record>
